000 00311nam a22001337a 4500
008 170613b xxu||||| |||| 00| 0 eng d
020 _a9780801859182
041 _aeng
080 _a32
100 _a19
101 _aSHP
245 _aTHE ARMED FORCES AND DEMOCRACY IN LATIN
_cFITCH.M
942 _2udc
_cBK
999 _c17221
_d17221